01743nam a2200457 i 450000100060000000300080000600500170001400600190003100700150005000800410006502000270010602000180013303500230015103500240017403500250019803500210022304000310024405000220027508000070029708200160030424501100032025000230043026400510045330000410050433600310054533700330057633800430060949000330065250000220068550400290070758801280073659001640086465100310102865100380105965500270109770000320112479700190115683000310117585600620120699900170126838767FlNmELB20241216221616.0m o d | cr cnu||||||||141230s2010 pe ob 001 0 spa d a9781413559217 (e-book) z9789972512230 a(MiAaPQ)EBC3226208 a(Au-PeEL)EBL3226208 a(CaPaEBR)ebr10995375 a(OCoLC)929774834 aFINmELBbspaerdacFINmELB 4aHC227b.C632 2010 a330 a330.98522300aCompendio de historia económica del Perú.nI,peconomía prehispánica /cCarlos Contreras, editor. aSegunda edición. 1aLima :bInstituto de Estudios Peruanos,c2010. a1 recurso en línea (444 páginas) atextobtxt2rdacontent/spa acomputadorabc2rdamedia/spa arecurso en líneabcr2rdacarrier/spa1 aHistórica económica ;v1 aIncluye índice. aContiene bibliografía. aDescripción basada en recurso en línea; Título de la página del título en PDF (e-libro, visto December 30, 2014). aRecurso electrónico. Santa Fe, Arg.: e-libro, 2015. Disponible vía World Wide Web. El acceso puede estar limitado para las bibliotecas afiliadas a e-libro. 0aPeruxEconomic conditions. 4aPerúxCondiciones económicas. 4aLibros electrónicos.1 aContreras, Carlos,eeditor.2 ae-libro, Corp. 0aHistoria económica ;v1.40uhttps://elibro.net/ereader/politecnicointernacional/79417 c38767d38767